| 000 | 01023nam a2200205Ia 4500 | ||
|---|---|---|---|
| 003 | Ost | ||
| 005 | 20260507075646.0 | ||
| 008 | 260507s9999||||xx |||||||||||||| ||und|| | ||
| 040 | _cfsecg | ||
| 041 | _aara | ||
| 082 | _a346.02 | ||
| 100 |
_aالفقي، حامد عبده _eمؤلف |
||
| 245 | 0 |
_aالإقالة في عقد البيع / _c حامد عبده الفقي |
|
| 260 |
_aالإسكندرية: _bدار الجامعة الجديدة, _c2003 |
||
| 300 |
_a143 صفحة؛ _bإيضاحات ؛ _c24 سم |
||
| 520 | _aفي تعريف الإقالة- حكم الإقالة ودليل مشروعيتها والحكمة منها وحكم مانعها- التكليف الفقهي للإقالة- نتائج إختلاف الفقهاء في تكييف الإقالة- أركان الإقالة- شروط صحة الإقالة- ملكية الإقالة- إختلاف المتقايلين وأثارها- مبطلات الإقالة. | ||
| 653 | _aالعقود | ||
| 653 | _aعقد البيع | ||
| 942 | _cكتاب | ||
| 999 |
_c45486 _d45486 |
||